| Tag |
First Indicator |
Second Indicator |
Subfields |
| LEADER |
00000cas a2200000 a 4500 |
| 001 |
in00000014687 |
| 005 |
20151007052254.0 |
| 008 |
870408d19932005ohuqr p 0 a0eng d |
| 010 |
|
|
|a sn 94001554
|
| 022 |
|
|
|a 1079-5545
|9 0896-3789
|2 1
|
| 029 |
1 |
|
|a NLGGC
|b 038219964
|
| 032 |
|
|
|a 001507
|b USPS
|
| 035 |
|
|
|a (OCoLC)ocm28883846
|
| 035 |
|
|
|a (OCoLC)28883846
|
| 035 |
|
|
|9 AAA7061AM
|
| 037 |
|
|
|b Academy of Management, Pace University, P.O. Box 3020, Briarcliff Manor, NY 10510
|
| 040 |
|
|
|a VRA
|c VRA
|d NSD
|d WAU
|d DLC
|d IUL
|d ZCU
|d MUQ
|d ORZ
|d OCLCQ
|d DLC
|d NLGGC
|d MYG
|d OHI
|d TXA
|d UtOrBLW
|
| 042 |
|
|
|a nsdp
|a lc
|
| 049 |
|
|
|a TXAM
|
| 050 |
0 |
0 |
|a HD28
|b .A2415
|
| 082 |
1 |
0 |
|a 650
|2 12
|
| 090 |
|
|
|a HD28
|b .A252
|
| 130 |
0 |
|
|a Academy of Management executive (1993)
|
| 210 |
0 |
|
|a Acad. Manage. exec.
|b (1993)
|
| 222 |
|
4 |
|a The Academy of Management executive
|b (1993)
|
| 245 |
1 |
4 |
|a The Academy of Management executive.
|
| 246 |
3 |
0 |
|a Executive
|
| 246 |
1 |
3 |
|a AME
|f <2003->
|
| 264 |
|
1 |
|a Ada, Ohio :
|b Academy of Management,
|c 1993-2005.
|
| 300 |
|
|
|a 13 volumes :
|b illustrations (some color) ;
|c 28 cm.
|
| 310 |
|
|
|a Quarterly
|
| 336 |
|
|
|a text
|b txt
|2 rdacontent
|
| 337 |
|
|
|a unmediated
|b n
|2 rdamedia
|
| 338 |
|
|
|a volume
|b nc
|2 rdacarrier
|
| 362 |
0 |
|
|a Vol. 7, no. 2 (May 1993)-v. 19, no. 4 (Nov. 2005).
|
| 530 |
|
|
|a Issued also on CD-ROM, and on microfilm and microfiche by UMI.
|
| 650 |
|
0 |
|a Management
|v Periodicals.
|
| 650 |
|
0 |
|a Organizational change
|v Periodicals.
|
| 650 |
|
0 |
|a Executives
|v Periodicals.
|
| 650 |
|
6 |
|a Gestion
|v Périodiques.
|
| 650 |
1 |
7 |
|a Management.
|2 gtt
|
| 710 |
2 |
|
|a Academy of Management.
|
| 780 |
0 |
0 |
|t Executive (Ada, Ohio)
|w (DLC)sn 90035008
|w (OCoLC)21073923
|
| 776 |
1 |
|
|t Academy of Management executive (1993 : Online)
|w (DLC) 2001255007
|w (OCoLC)48060993
|
| 785 |
0 |
0 |
|t Academy of Management perspectives
|x 1558-9080
|w (DLC) 2005215831
|w (OCoLC)62270488
|
| 850 |
|
|
|a DLC
|a InU
|a WaU
|
| 891 |
2 |
0 |
|9 853
|8 1
|a v.
|b no.
|u 4
|v r
|i (year)
|j (month)
|w q
|x 02
|y pm02,05,08,11
|
| 891 |
4 |
1 |
|9 863
|8 1.1
|a <8>
|b <2>
|i <1994>
|j <05>
|
| 994 |
|
|
|a C0
|b TXA
|
| 999 |
|
|
|a MARS
|
| 999 |
f |
f |
|s a9909a25-3a30-32c7-b346-e283228fd019
|i 618ff5d2-b8ed-350d-a91a-e0797aa63380
|t 0
|
| 952 |
f |
f |
|p ric
|a Texas A&M University
|b Rellis Campus
|c Joint Library Facility
|d Remote Storage
|t 0
|e HD28 .A252
|h Library of Congress classification
|i unmediated -- volume
|k v.17
|l 2003
|m A14832158080
|
| 952 |
f |
f |
|p ric
|a Texas A&M University
|b Rellis Campus
|c Joint Library Facility
|d Remote Storage
|t 0
|e HD28 .A252
|h Library of Congress classification
|i unmediated -- volume
|k v.16:no.1-2
|l 2002:Feb.-May
|m A14830933028
|
| 952 |
f |
f |
|p ric
|a Texas A&M University
|b Rellis Campus
|c Joint Library Facility
|d Remote Storage
|t 0
|e HD28 .A252
|h Library of Congress classification
|i unmediated -- volume
|k v.13
|l 1999
|m A14825750774
|
| 952 |
f |
f |
|p ric
|a Texas A&M University
|b Rellis Campus
|c Joint Library Facility
|d Remote Storage
|t 0
|e HD28 .A252
|h Library of Congress classification
|i unmediated -- volume
|k v.10
|l 1996
|m A14821034312
|
| 952 |
f |
f |
|p ric
|a Texas A&M University
|b Rellis Campus
|c Joint Library Facility
|d Remote Storage
|t 0
|e HD28 .A252
|h Library of Congress classification
|i unmediated -- volume
|k v.7
|l 1993
|m A14818422734
|
| 952 |
f |
f |
|p ric
|a Texas A&M University
|b Rellis Campus
|c Joint Library Facility
|d Remote Storage
|t 0
|e HD28 .A252
|h Library of Congress classification
|i unmediated -- volume
|k v.12
|l 1998
|m A14824870830
|
| 952 |
f |
f |
|p ric
|a Texas A&M University
|b Rellis Campus
|c Joint Library Facility
|d Remote Storage
|t 0
|e HD28 .A252
|h Library of Congress classification
|i unmediated -- volume
|k v.18:no.1-2
|l 2004:Feb.-May
|m A14832847778
|
| 952 |
f |
f |
|p ric
|a Texas A&M University
|b Rellis Campus
|c Joint Library Facility
|d Remote Storage
|t 0
|e HD28 .A252
|h Library of Congress classification
|i unmediated -- volume
|k v.9
|l 1995
|m A14819876009
|
| 952 |
f |
f |
|p ric
|a Texas A&M University
|b Rellis Campus
|c Joint Library Facility
|d Remote Storage
|t 0
|e HD28 .A252
|h Library of Congress classification
|i unmediated -- volume
|k v.19
|l 2005
|m A14835089769
|
| 952 |
f |
f |
|p ric
|a Texas A&M University
|b Rellis Campus
|c Joint Library Facility
|d Remote Storage
|t 0
|e HD28 .A252
|h Library of Congress classification
|i unmediated -- volume
|k v.14
|l 2000
|m A14827352158
|
| 952 |
f |
f |
|p ric
|a Texas A&M University
|b Rellis Campus
|c Joint Library Facility
|d Remote Storage
|t 0
|e HD28 .A252
|h Library of Congress classification
|i unmediated -- volume
|k v.18:no.3-4
|l 2004:Aug.-Nov.
|m A14832847817
|
| 952 |
f |
f |
|p ric
|a Texas A&M University
|b Rellis Campus
|c Joint Library Facility
|d Remote Storage
|t 0
|e HD28 .A252
|h Library of Congress classification
|i unmediated -- volume
|k v.11
|l 1997
|m A14822412270
|
| 952 |
f |
f |
|p ric
|a Texas A&M University
|b Rellis Campus
|c Joint Library Facility
|d Remote Storage
|t 0
|e HD28 .A252
|h Library of Congress classification
|i unmediated -- volume
|k v.15
|l 2001
|m A14828765184
|
| 952 |
f |
f |
|p ric
|a Texas A&M University
|b Rellis Campus
|c Joint Library Facility
|d Remote Storage
|t 0
|e HD28 .A252
|h Library of Congress classification
|i unmediated -- volume
|k v.8
|l 1994
|m A14819007383
|
| 952 |
f |
f |
|p ric
|a Texas A&M University
|b Rellis Campus
|c Joint Library Facility
|d Remote Storage
|t 0
|e HD28 .A252
|h Library of Congress classification
|i unmediated -- volume
|k v.16:no.3-4
|l 2002:Aug.-Nov.
|m A14830932983
|
| 998 |
f |
f |
|a HD28 .A252
|s v.7-19 (1993-2005)
|t 0
|l Remote Storage
|